000 00286nam a22001217a 4500
008 160510b xxu||||| |||| 00| 0 eng d
020 _a9780805349924
020 _a0805349898
041 _aeng
080 _a611
245 _aHuman anatomy phyiology:
_cElaine M.Marieb;
942 _2udc
_cBK
999 _c1946
_d1946